Russko-frantsuzskii slovar / (Record no. 172434)

MARC details
000 -LEADER
campo de control de longitud fija 00823nam a2200193 i 4500
001 - NÚMERO DE CONTROL
campo de control 172434
003 - IDENTIFICADOR DE NÚMERO DE CONTROL
campo de control ES-MaACL
005 - FECHA Y HORA DE LA ÚLTIMA TRANSACCIÓN
campo de control 20230906214919.0
008 - DATOS DE LONGITUD FIJA--INFORMACIÓN GENERAL
campo de control de longitud fija 090706s1955 sp |||| | spa d
080 ## - NÚMERO DE LA CLASIFICACIÓN DECIMAL UNIVERSAL
Número de la Clasificación Decimal Universal (038)=133.1=161.1
100 1# - ENTRADA PRINCIPAL--NOMBRE DE PERSONA
Nombre de persona Shcherba, Lev Vladimirovich.
9 (RLIN) 140965
245 10 - MENCIÓN DEL TÍTULO
Título Russko-frantsuzskii slovar /
Mención de responsabilidad, etc. sostavili akad L.V. Shcherba i M.I. Matusevich ; pod obshchei redaktsiei L.V. Shcherby.
250 ## - MENCION DE EDICION
Mención de edición 4e izd. ispravlennoe i dopolnennoe / pod redaktsiei D.V. Sezemana.
260 ## - PUBLICACIÓN, DISTRIBUCIÓN, ETC.
Lugar de publicación, distribución, etc. Moskva :
Nombre del editor, distribuidor, etc. Gosudarstvennoe Izdatelstvo Inostrannyj i Natzionalnyj Slovarei,
Fecha de publicación, distribución, etc. 1955.
300 ## - DESCRIPCIÓN FÍSICA
Extensión 784 p. ;
Dimensiones 27 cm.
650 #4 - PUNTO DE ACCESO ADICIONAL DE MATERIA--TÉRMINO DE MATERIA
Término de materia o nombre geográfico como elemento de entrada Lengua rusa-
Subdivisión general Diccionarios-
-- Francés.
9 (RLIN) 136371
700 1# - ENTRADA AGREGADA--NOMBRE PERSONAL
Nombre de persona Matusevich, Margarita Ivanovna.
9 (RLIN) 140966
852 ## - LOCALIZACIÓN
Ubicación ES-MaACL
Número de control de estantería E-12751
itemnumber R.143385
Nota libre .- Biblioteca Jacinto Martínez Lacalle
Holdings
Estatus retirado Estado de pérdida Estado de daño No para préstamo Biblioteca de origen Biblioteca actual Ubicación en estantería Fecha de adquisición Fuente de adquisición Total de préstamos Signatura topográfica completa Código de barras Visto por última vez Precio de reemplazo Tipo de ítem Koha
        Biblioteca del Ateneo de Madrid Biblioteca del Ateneo de Madrid Depósito 2 06/07/2009     E-12751 1180956 23/02/2023 23/02/2023 Libro impreso